|
|
|
|
| LEADER |
00000naa2a2200000 4500 |
| 001 |
608936 |
| 005 |
20240126140202.0 |
| 035 |
|
|
|a (RuTPU)RU\TPU\conf\6382
|
| 090 |
|
|
|a 608936
|
| 100 |
|
|
|a 20141020d2014 k y0rusy50 ca
|
| 101 |
0 |
|
|a rus
|
| 102 |
|
|
|a RU
|
| 105 |
|
|
|a y z 101zy
|
| 135 |
|
|
|a drcn ---uucaa
|
| 181 |
|
0 |
|a i
|
| 182 |
|
0 |
|a b
|
| 200 |
1 |
|
|a Разработка приложения в программном пакете WinCC flexible
|f А. О. Степанова, О. М. Руденко
|
| 203 |
|
|
|a Текст
|c электронный
|
| 225 |
1 |
|
|a Автоматизированные системы управления технологическими процессами
|
| 300 |
|
|
|a Заглавие с титульного экрана
|
| 320 |
|
|
|a [Библиогр.: с. 194 (2 назв.)]
|
| 337 |
|
|
|a Adobe Reader
|
| 461 |
|
1 |
|0 (RuTPU)RU\TPU\conf\6228
|t Интеллектуальные энергосистемы
|o труды II Международного молодёжного форума, 6-10 октября 2014 г., г. Томск
|o в 2 т.
|f Национальный исследовательский Томский политехнический университет (ТПУ)
|d 2014
|
| 463 |
|
1 |
|0 (RuTPU)RU\TPU\conf\6230
|t Т. 1
|v [С. 191-194]
|d 2014
|
| 610 |
1 |
|
|a труды учёных ТПУ
|
| 610 |
1 |
|
|a электронный ресурс
|
| 610 |
1 |
|
|a программные пакеты
|
| 610 |
1 |
|
|a WinCC flexible
|
| 610 |
1 |
|
|a человеко-машинные интерфейсы
|
| 610 |
1 |
|
|a мнемосхемы
|
| 610 |
1 |
|
|a скрипты
|
| 700 |
|
1 |
|a Степанова
|b А. О.
|
| 701 |
|
1 |
|a Руденко
|b О. М.
|c специалист в области теплотехники
|c программист Томского технологического института
|f 1984-
|g Олег Максимович
|3 (RuTPU)RU\TPU\pers\31736
|9 15849
|
| 712 |
0 |
2 |
|a Национальный исследовательский Томский политехнический университет (ТПУ)
|b Институт кибернетики (ИК)
|b Отдел информационных технологий высшей школы (ОИТ ВШ)
|3 (RuTPU)RU\TPU\col\19016
|
| 801 |
|
2 |
|a RU
|b 63413507
|c 20200311
|g RCR
|
| 856 |
4 |
|
|u http://www.lib.tpu.ru/fulltext/c/2014/C43/V1/048.pdf
|
| 942 |
|
|
|c BK
|